| 000 | 00587nam a2200181 i 4500 | ||
|---|---|---|---|
| 001 | 103992 | ||
| 003 | ES-MaACL | ||
| 005 | 20230906183504.0 | ||
| 007 | t| | ||
| 008 | 051122s1963 sp ||||1| spa d | ||
| 100 | 1 |
_aMeyers, Albert L. _980813 |
|
| 245 | 1 | 0 |
_aElementos de economía moderna / _cpor Ph. D. Albert L. Meyers; traducción de Juan González de Luaces, Luis Racionero. |
| 260 |
_aBarcelona : _bPlaza & Janés, _c1963. |
||
| 300 |
_a427 p. ; _c25 cm. |
||
| 700 | 1 |
_aLuaces, Juan G. de. _974483 |
|
| 700 | 1 |
_aRacionero, Luis. _994890 |
|
| 852 |
_aES-MaACL _jC-22959 _bR.51810 |
||
| 999 |
_c103992 _d103992 |
||